00257nam a22000977a 4500008004100000082001100041100002600052245003400078260003800112300000900150260430b |||||||| |||| 00| 0 eng d a001387 aPanday, Shyama Charan aPanchantantra of Vishnusharma aDelhibMotilal Banarasidassc2019 a622p